|
|
|
|
| LEADER |
00820nam a22002417a 4500 |
| 001 |
AAL7732 |
| 003 |
BD-DhAAL |
| 005 |
20160327102959.0 |
| 008 |
160327s 1989enk||||| |||| 00| 0 eng d |
| 020 |
|
|
|a 0330307061
|
| 040 |
|
|
|a BD-DhAAL
|c BD-DhAAL
|
| 082 |
|
|
|a 823/.8
|
| 100 |
|
|
|a Forbes, Colin
|9 18805
|
| 245 |
|
|
|a The Greek key /
|c Colin Forbes
|
| 260 |
|
|
|a New York :
|b Pan Books,
|c 1989
|
| 300 |
|
|
|a 573 p. ;
|c 18 cm.
|
| 541 |
|
|
|e 7732
|
| 650 |
|
|
|a Detective and mystery stories, English.
|9 18806
|
| 650 |
|
|
|a Fiction in English, 1945-
|x Texts
|9 18807
|
| 852 |
|
|
|a Savar Campus Library
|c General Shelf
|
| 942 |
|
|
|2 ddc
|c BK
|
| 999 |
|
|
|c 37229
|d 37229
|
| 952 |
|
|
|0 0
|1 0
|2 ddc
|4 0
|6 823_000000000000000__8_FOR
|7 0
|9 58521
|a SCL
|b SCL
|c GEN
|d 2016-03-27
|e Gift:
|l 3
|m 19
|o 823.8 FOR
|p 3020007732
|r 2019-11-26
|s 2019-09-28
|t 1
|w 2016-03-27
|y BK
|